Quizzes
Events
Quiz Creation
Community
Videos
Private Events
Remove Ads
Sign In
Join for FREE
Feedback
Dark Mode
Quiz Categories
Sports
Geography
Music
Movies
Television
Just For Fun
Miscellaneous
History
Literature
Language
Science
Gaming
Entertainment
Religion
Holiday
For Kids
Quiz Lab
Recent
Popular Today
Quiz Kudos Today
Editor Picks
Curator Picks
Quizzes by...
Day
Popularity
Type
Ratings
Length
Year
Community
Subscriptions
Recent Discussions
Orange Saloon
Badges
Playlists
Quests
Create
Leaderboards
Showdown
Live 5
Trivia Bingo
Activity
Puzzle Library
Sporcle Events
Private Events
Virtual Trivia
Globe League
Become a Host
Pub Owners
SporcleCon
Opinionation
Our Games
Videos
Blog
Mobile Apps
Partnerships
Remove Ads and Go Orange
Feedback
Geography
Country
Landmarks
City
State
Population
World
Capital
Continent
Flags
Europe
Africa
Asia
South America
North America
Oceania
Border
Canada
United Kingdom
Topography
United States
Geography
Country
Landmarks
City
State
Population
World
Capital
Continent
Flags
Europe
Africa
Asia
South America
North America
Oceania
Border
Canada
United Kingdom
Topography
United States
Random Quiz
Search Sporcle
×
Quiz Lab
Quiz Lab
Geography
massachusetts
Type in answers that appear in a list
Type in answers that appear in a list
Classic
Best Score? Go Orange.
Middlesex County, Massachusetts Stats
Can you name the Towns in Middlesex County?
By
samurai1342
12m
54 Questions
93 Plays
93 Plays
93 Plays
Comments
Comments
Give Quiz Kudos
Give Quiz Kudos
-
- Ratings
hide this ad
Random Order
Randomize order of answers
Randomize order of answers
Replay
Link that replays current quiz
Next Quiz
Link to next quiz in quiz playlist
You Got
0%
They Got
Avg Score
54%
Avg Friend Score
Upgrade to see
Score Distribution
Jump to the score distribution portion of the page
Score
0/54
Timer
12:00
0
Plays Today
% Correct
Concord
77.4%
Framingham
76.3%
Lexington
76.3%
Newton
74.2%
Cambridge
73.1%
Lowell
69.9%
Arlington
68.8%
Somerville
66.7%
Acton
65.6%
Burlington
65.6%
Medford
65.6%
Sudbury
65.6%
Waltham
65.6%
Natick
63.4%
Woburn
63.4%
North Reading
61.3%
Reading
61.3%
Lincoln
60.2%
Watertown
60.2%
Winchester
60.2%
Chelmsford
58.1%
Weston
58.1%
Billerica
57%
Malden
57%
Belmont
55.9%
Marlboro
55.9%
Littleton
54.8%
% Correct
Westford
52.7%
Bedford
51.6%
Carlisle
51.6%
Everett
51.6%
Tewksbury
51.6%
Stow
50.5%
Boxboro
49.5%
Dunstable
49.5%
Stoneham
49.5%
Tyngsboro
49.5%
Wayland
49.5%
Melrose
48.4%
Wakefield
47.3%
Groton
46.2%
Dracut
45.2%
Wilmington
43%
Ashby
41.9%
Maynard
41.9%
Pepperell
41.9%
Ashland
39.8%
Hudson
39.8%
Ayer
38.7%
Hopkinton
36.6%
Townsend
33.3%
Holliston
31.2%
Shirley
29%
Sherborn
28%
Quiz Playlist
Details
Report
Send in Message
Add To Playlist
Classic:
Type in answers that appear in a list
Random Order:
Randomize order of answers
Quiz Source
Last Updated: Feb 16, 2017
Quiz Scoreboard
CHALLENGE
Sign Up to Join the Scoreboard
Show All
Scores
Hide
Comments
May contain spoilers
Recently Published
Billboard Blitz: Fleetwood Mac
by CooCooCachoo
Music
15s
Presidents Visiting Landmarks
by Hejman
History
7m
An Introduction to Baseball
by treessimontrees
Sports
5m
More to Explore
Quiz From the Vault
Featured Blog Post
Where Did the Easter Bunny Come From?
hide this ad
You Might Also Like...
Tags
counties
massachusetts
Middlesex County
Today's Top Quizzes in Geography
Browse Geography
hide this ad
Today's Top Quizzes in massachusetts
Browse massachusetts
Top Contributed Quizzes in Geography
1
Countries of the World - No Outlines Minefield
2
Top 25 Cities of France on a map
3
Any capital of a 'B' country per Continent
4
Any capital of a 'C' country per Continent
5
Closest Countries to UK A-Z
6
Any capital of a 'D' country per Continent
7
5-to-1: US Geography No Hints
8
One Thing in Common: United Kingdom
9
Any capital of an 'E' country per Continent
10
Any capital of an 'F' country per Continent
Explore More
Trending Topics
Crossword
Harry Potter
Anime
Marvel
Disney
Kpop
NBA
Soccer
Puzzle
Song
WWE
Pokémon
Country
NFL
The Office
hide this ad
More By:
samurai1342
Quiz
Plays
Rating
Category
Featured
Created
Middlesex County, Massachusetts
93
Geography
Sep 13, 2010
Go to Creator's Profile
Score Distribution
Quiz Creator Spotlight
samurai1342
Follow
Send a Message
Quizzes Created
-
Created Quiz Play Count
-
More By This Creator
Popular Quizzes Today
1
Find the US States - No Outlines Minefield
2
Find the Countries of Europe - No Outlines Minefield
3
The Countries of the World
4
Find the US States
5
US States
6
Popular People in 1961
7
Risky Map Clicking: Biggest States A-Z
8
Movies - When Are They Set?
More Geography Quizzes
World by Any 2 Letters Blitz (no E or I)
Curator's Pick
Trending Quizzes
Risky Map Clicking: Least Populous States A-Z
1-10 Letter G Words
1-10 Letter F Words
Risky Map Clicking: Next State Alphabetically
Risky Map Clicking: Biggest States A-Z
Recently Updated
Leaping Animals
pecheneg
Reality TV Shows (A-Z)
bhenderson79
Rickey Henderson's Hall of Fame Teammates
pecheneg
Champions League XIs: Arsenal
pecheneg
Quick Pick: Celebrities in WWE's Hall of Fame
aduchscher
A-Z Keypad Blitz II
pecheneg
Multiple Oscar Actors
pecheneg
Mystery Phrase Blitz: Oscar 'Best Actors'
pecheneg
F. Scott Fitzgerald Novels
LTH
Pick 3 Villains
ddd62291
Trending Topics
Crossword
Disney
Harry Potter
Kpop
Anime
Marvel
NBA
Puzzle
Country
Soccer
NFL
Song
WWE
The Office
Pokémon
Your Account Isn't Verified!
In order to create a playlist on Sporcle, you need to verify the email address you used during registration. Go to your
Sporcle Settings
to finish the process.
Report this User
Report this user for behavior that violates our
Community Guidelines
.
Details:
Send Report
Go to the Sporcle.com Mobile Site →
Comments